LEADER 01385nlm 2200265 450 001 996462952603316 005 20220405145049.0 100 $a20140604h2014---- uy 0 101 0 $aeng 102 $aUS 135 $adrcnu 200 1 $aPython forensics$ea workbench for inventing and sharing digital forensic technology$fChet Hosmer 210 1 $aWaltham$cSyngress$d2014 215 $aTesto elettronico (PDF) (318 p.) 230 $aBase dati testuale 330 $aPython Forensics fornisce molti moduli, librerie e soluzioni forensi collaudati mai pubblicati prima che possono essere utilizzati immediatamente. Inoltre, istruzioni dettagliate e documentazione fornite con gli esempi di codice consentiranno anche ai programmatori Python inesperti di aggiungere i propri colpi di scena o utilizzare i modelli presentati per costruire nuove soluzioni. Il rapido sviluppo di nuovi strumenti di indagine sulla criminalità informatica è un ingrediente essenziale praticamente in ogni caso e ambiente. Sia che tu stia eseguendo indagini post mortem, eseguendo triage dal vivo, estraendo prove da dispositivi mobili 606 0 $aLinguaggi di programmazione [:] Python$2BNCF 676 $a005.133 700 1$aHOSMER,$bChet$0865893 801 0$aIT$bcba$cREICAT 912 $a996462952603316 959 $aEB 969 $aER 996 $aPython forensics$92806832 997 $aUNISA